Prof. Igor Tomeš: 10x o sociální politice

Výber najviac inšpirujúcich statí z bohatej publikačnej činnosti profesora Igora Tomeša. Rozvoj teórie a praxe sociálnej politiky v bývalom Československu. Zmeny a reformy v sociálnom zabezpečení na našom území od roku 1918 až 1989. Sociálna politika pre budúce storočie.

Gespeichert in:
Bibliographische Detailangaben
1. Verfasser: Tomeš, Igor
Format: Buchkapitel
Sprache:Tschechisch
Schlagworte:
Tags: Tag hinzufügen
Keine Tags, Fügen Sie das erste Tag hinzu!

MARC

LEADER 00000naa a2200000 4500
001 0204762
005 20220729111252.9
041 0 |a cze 
044 |a CZ 
245 1 0 |a Prof. Igor Tomeš: 10x o sociální politice  |c Igor Tomeš 
520 |a Výber najviac inšpirujúcich statí z bohatej publikačnej činnosti profesora Igora Tomeša. Rozvoj teórie a praxe sociálnej politiky v bývalom Československu. Zmeny a reformy v sociálnom zabezpečení na našom území od roku 1918 až 1989. Sociálna politika pre budúce storočie. 
610 2 0 |a história 
610 2 0 |a dejiny 
610 2 0 |a Československo 
610 2 0 |a politika sociálna 
610 2 0 |a poistenie sociálne 
610 2 0 |a právo sociálne 
610 2 0 |a zabezpečenie sociálne 
610 2 0 |a procesy sociálne 
610 2 0 |a zákony 
610 2 0 |a globalizácia 
100 1 |a Tomeš, Igor